Электронные и электромеханические системы и устройства: сборник научных трудов

書誌詳細
共著者: Российская Федерация Федеральное космическое агентство (Роскосмос), Полюс
その他の著者: Русановский С. А.
要約:Посвящается 70-летию со дня основания АО "НПЦ "Полюс"
Настоящий сборник издан по итогам работы XX научно-технической конференции АО "НПЦ "Полюс". В него включены материалы теоретических и экспериментальных исследований специалистов предприятия, смежных организаций и высших учебных заведений по вопросам проектирования, изготовления, эксплуатации систем электропитания космических аппаратов различного назначения, в том числе перспективных отечественных литий-ионных аккумуляторных батарей, а также силовых и интеллектуальных электронных устройств. Рассмотрены проблемы разработки и совершенствования электрических машин, электроприводов и силовых гироскопических приборов систем управления, конструкторско-технологические особенности создания узлов и изделий, разные аспекты использования новых материалов. Ряд статей посвящен вопросам моделирования, путям развития систем автоматизированного проектирования и испытаний аппаратуры, обеспечению надежности и качества продукции.
言語:ロシア語
出版事項: Томск, Изд-во ТГУ, 2021
主題:
フォーマット: 図書
KOHA link:https://koha.lib.tpu.ru/cgi-bin/koha/opac-detail.pl?biblionumber=346240

MARC

LEADER 00000nam0a2200000 4500
001 346240
005 20231102005850.0
010 |a 9785946219815 
035 |a (RuTPU)RU\TPU\book\378120 
035 |a RU\TPU\book\352859 
090 |a 346240 
100 |a 20210727d2021 k y0rusy50 ca 
101 0 |a rus 
102 |a RU 
105 |a a z 011zy 
200 1 |a Электронные и электромеханические системы и устройства  |e сборник научных трудов  |f Российская Федерация, Федеральное космическое агентство (Роскосмос) ; Полюс ; гл. ред. С. А. Русановский 
210 |a Томск  |c Изд-во ТГУ  |d 2021 
215 |a 678 с.  |c ил. 
300 |a Посвящается 70-летию со дня основания АО "НПЦ "Полюс" 
320 |a Библиогр. в конце статей 
330 |a Настоящий сборник издан по итогам работы XX научно-технической конференции АО "НПЦ "Полюс". В него включены материалы теоретических и экспериментальных исследований специалистов предприятия, смежных организаций и высших учебных заведений по вопросам проектирования, изготовления, эксплуатации систем электропитания космических аппаратов различного назначения, в том числе перспективных отечественных литий-ионных аккумуляторных батарей, а также силовых и интеллектуальных электронных устройств. Рассмотрены проблемы разработки и совершенствования электрических машин, электроприводов и силовых гироскопических приборов систем управления, конструкторско-технологические особенности создания узлов и изделий, разные аспекты использования новых материалов. Ряд статей посвящен вопросам моделирования, путям развития систем автоматизированного проектирования и испытаний аппаратуры, обеспечению надежности и качества продукции. 
601 0 2 |a Полюс  |c Научно-производственный центр  |c (Томск)  |c (1980- )  |2 stltpush  |3 (RuTPU)RU\TPU\col\4024  |9 23920 
606 1 |a Электронные системы  |2 stltpush  |3 (RuTPU)RU\TPU\subj\20519  |9 45619 
606 1 |a Электромеханические системы  |2 stltpush  |3 (RuTPU)RU\TPU\subj\20263  |9 45374 
610 1 |a электронные устройства 
610 1 |a электромеханика 
610 1 |a САПР 
610 1 |a информационные технологии 
610 1 |a конструирование 
610 1 |a производство 
610 1 |a приборы 
610 1 |a устройства 
610 1 |a космические аппараты 
610 1 |a дистанционное зондирование 
610 1 |a электропитание 
610 1 |a спутники 
610 1 |a литий-ионные аккумуляторы 
610 1 |a программное обеспечение 
610 1 |a электрореактивные двигательные установки 
610 1 |a арсенидгаллиевая электроника 
610 1 |a электровентиляторное оборудование 
610 1 |a асинхронные электродвигатели 
610 1 |a амортизаторы 
610 1 |a магнитоэлектрические машины 
610 1 |a вентильный электропривод 
610 1 |a датчики 
610 1 |a корабельная радиоэлектроника 
610 1 |a следящий электропривод 
610 1 |a гиродины 
610 1 |a автоматизированное проектирование 
610 1 |a космическая техника 
610 1 |a двигатели-маховики 
610 1 |a компаунды 
675 |a 621.38  |v 4 
675 |a 621.31  |v 4 
702 1 |a Русановский  |b С. А.  |4 651 
712 0 1 |a Российская Федерация  |b Федеральное космическое агентство (Роскосмос)  |c (2004- )  |2 stltpush  |3 (RuTPU)RU\TPU\col\15863 
712 0 2 |a Полюс  |c Научно-производственный центр  |c (Томск)  |c (1980- )  |2 stltpush  |3 (RuTPU)RU\TPU\col\4024  |9 23920 
801 1 |a RU  |b 63413507  |c 20110623 
801 2 |a RU  |b 63413507  |c 20220204  |g RCR 
942 |c BK